Pre-Euro Currencies - Statistics

General Stats
  • This quiz has been taken 43 times
  • The average score is 12 of 19
Answer Stats
Country Answer % Correct
Belgium Franc
100%
France Franc
100%
Luxembourg Franc
100%
Germany Mark
95%
Italy Lira
93%
Malta Lira
93%
Cyprus Pound
88%
Ireland Pound
88%
Spain Peseta
68%
Austria Schilling
65%
Portugal Escudo
60%
Greece Drachma
55%
Netherlands Guilder
50%
Slovakia Koruna
43%
Finland Markka
30%
Latvia Lats
23%
Lithuania Litas
23%
Slovenia Tolar
20%
Estonia Kroon
8%
No matching quizzes found
Score Distribution
Percent of People with Each Score
Percentile by Number Answered
Your Score History
You have not taken this quiz